000 01165nam a22002297a 4500
005 20250916112430.0
006 a|||||r|||||||||||
008 250916s |||a|||| |||| 00| ||gre d
020 _a9789491444210
040 _aGR-AtMCL
_bgre
_dGR-AtMCL
_eAACR2
100 _aDuburg, Annette
_910124
245 1 0 _aDraping:
_bart and craftsmanship in fashion design/
_cAnnette Duburg, Rixt van der Tol.
250 _a6 ed.
260 _aArnhem:
_bArtEZ Press,
_c2022
300 _a245 p.:
_bill.;
_c30 cm.
520 _aThis book is an manual that opens up an area that functions as an interesting, supplementary design niche within today's fashion design. Collected by two Dutch experts in this craftsmanship: Annette Duburg and Rixt van der Tol. It includes the historical context of draping, contemporary examples by fashion designers, a large section on all aspects of draping (of all clothing components on the most common variations) and the use of draping by well-known fashion designers from 1900 to the present day.
650 0 _aFashion
_99926
650 0 _aFashion design
_910081
700 _aTol, Rixt van der
_910125
942 _cBK
999 _c9940
_d9940